000 01012cam a2200229 4500
001 ##L130672
002 ##9047
008 050823n2006 000 0 eng u
020 _a1901856151
035 _a(Sirsi) u130672
041 0 _aeng
050 0 4 _a692.5 $2 18
110 0 _aFranklin and Andrews
_92518
245 0 0 _aHutchins' small and major works UK building costs blackbook 2006
260 _aLondon
_bFranklin and Andrews
_c2006
300 _axxviii, 796p.
_c25cm.
350 _a84 00
520 _aCombines both "Hutchins' small works" and "Hutchins' major works" into one comprehensive volume. Small works is measured consistent with a trade based structured format and major works in accordance with the SMM7 measurement rules. Provides a comprehensive database of building cost information and includes approximate estimating, location factors for UK regions and for international settings, and memoranda.
590 _aIKA111005
690 _aBUILT ENVIRONMENT-BUILDING COSTS
942 _n0
999 _c104514
_d104514